Luton Town all-time top scorers - Statistics

General Stats
  • This quiz has been taken 10 times
  • The average score is 4 of 10
Answer Stats
Goals Nationality Player % Correct
41 England Elijah Adebayo
83%
79 England Brian Stein
67%
76 England Mick Harford
67%
62 England Danny Hylton
50%
72 England / Ireland James Collins
50%
55 England Andre Gray
33%
77 England / Scotland Steve Howard
33%
50 England Gordon Turner
17%
38 England Harry Cornick
17%
38 England Tony Thorpe
17%
No matching quizzes found
Score Distribution
Percent of People with Each Score
Percentile by Number Answered
Your Score History
You have not taken this quiz